000 00717cam a22002054a 4500
001 4521001
005 20251110200600.0
008 990121s2000 njua 001 0 eng
020 _a0130814040
020 _a9780130814043
050 0 0 _aTK454
_b.H454 2000
082 0 0 _a621.319/2/078555369
_221
100 1 _aHerniter, Marc E.
245 1 0 _aSchematic capture with MicroSim PSpice :
_bfor Windows 95/98/NT /
_cMarc E. Herniter.
260 _aUpper Saddle River, N.J. :
_bPrentice Hall,
_cc2000.
300 _axiv, 511 p. :
_bill. ;
_c28 cm. + 1 computer laser optical disc (4 3/4 in.)
650 0 _aElectric circuit analysis
_xData processing.
650 0 _aElectronics
_xCharts, diagrams, etc.
942 _2lcc
_cBK
_n0
999 _c8206
_d8206